000
00261nam a2200109Ia 4500
005
20251222114354.0
008
251222s1900||||xx |||||||||||||| ||spa||
082
_a
DVD0093/E97
245
0
_a
Greater sconfiggere l“AIDS.
264
_b
Exitu, Emmanuel.
942
_c
DVD
999
_c
1366
_d
1366